00866nam a2200253 i 450000100060000000300090000600500170001500700030003200800410003502000180007608000130009410000360010724500670014326000320021030000460024249000190028850400320030765000420033965000430038183000270042485200220045199900170047395201220049089053ES-MaACL20230906180044.0t|050126s2004 sp ||||1| spa d a84-96052-31-1 a82-34.091 aBalasch i Blanch, Enric.92482813aEl lenguaje secreto de los cuentos / cEnrique Balasch Blanch. aMadrid : bOberon, c[2004] a370 p., [24] p. de lám. col. ; c24 cm.1 aSerie historia aBibliografía: p. 351-354.14aCuento-xHistoria y crítica.91147314aSimbolismo-xEn la literatura.92111770 aSerie historia9176514 aES-MaACLjL-28688 c89053d89053 00104070aATENEOMbATENEOMcDEPO2d2008-01-17eSCl0oL-28688p1093008r2023-02-23 00:00:00w2023-02-23yMONOGRAFIA